000 00293nam a22001337a 4500
008 170601b xxu||||| |||| 00| 0 eng d
020 _a9780520200869
041 _aeng
080 _a94
100 _a17
101 _aSHH
245 _aAN OCCASION FOR WAR
_cFAWZ. L T
942 _2udc
_cBK
999 _c15408
_d15408